<?xml version="1.0" encoding="UTF-8"?>
<record
    xmlns:xsi="http://www.w3.org/2001/XMLSchema-instance"
    xsi:schemaLocation="http://www.loc.gov/MARC21/slim http://www.loc.gov/standards/marcxml/schema/MARC21slim.xsd"
    xmlns="http://www.loc.gov/MARC21/slim">

  <leader>00928nam a22002297a 4500</leader>
  <controlfield tag="005">20250328101813.0</controlfield>
  <controlfield tag="008">250328b        |||||||| |||| 00| 0 eng d</controlfield>
  <datafield tag="020" ind1=" " ind2=" ">
    <subfield code="a">9781032964225</subfield>
  </datafield>
  <datafield tag="040" ind1=" " ind2=" ">
    <subfield code="c">AIMIT LIBRARY</subfield>
  </datafield>
  <datafield tag="082" ind1=" " ind2=" ">
    <subfield code="2">1</subfield>
    <subfield code="a">006.3 </subfield>
    <subfield code="b">DEVK</subfield>
  </datafield>
  <datafield tag="245" ind1=" " ind2=" ">
    <subfield code="a">Artificial intelligence trends for data analysis using machine learning and deep learning approaches /</subfield>
    <subfield code="c">Edited by K Gayathri Devi, Mamata Rath and Nguyen Thi Dieu Linh.</subfield>
  </datafield>
  <datafield tag="250" ind1=" " ind2=" ">
    <subfield code="a">1st ed.</subfield>
  </datafield>
  <datafield tag="260" ind1=" " ind2=" ">
    <subfield code="a">New York :</subfield>
    <subfield code="b">CRC Press ,</subfield>
    <subfield code="c">2025.</subfield>
  </datafield>
  <datafield tag="300" ind1=" " ind2=" ">
    <subfield code="a">xvi, 250p. ;</subfield>
    <subfield code="b">PB</subfield>
    <subfield code="c">23.3 cm</subfield>
  </datafield>
  <datafield tag="650" ind1=" " ind2=" ">
    <subfield code="a">Detection of retinopathy of prematurity using convolution neural network</subfield>
    <subfield code="9">207170</subfield>
  </datafield>
  <datafield tag="650" ind1=" " ind2=" ">
    <subfield code="a">Machine learning for big data analytics</subfield>
    <subfield code="9">207171</subfield>
  </datafield>
  <datafield tag="650" ind1=" " ind2=" ">
    <subfield code="a">Fish farm monitoring system using IOT</subfield>
    <subfield code="9">207172</subfield>
  </datafield>
  <datafield tag="700" ind1=" " ind2=" ">
    <subfield code="a">Devi, K Gayathri, ed.</subfield>
    <subfield code="9">207173</subfield>
  </datafield>
  <datafield tag="700" ind1=" " ind2=" ">
    <subfield code="a">Rath, Mamata, ed.</subfield>
    <subfield code="9">207174</subfield>
  </datafield>
  <datafield tag="700" ind1=" " ind2=" ">
    <subfield code="a">Linh, Nguyen Thi Dieu.</subfield>
    <subfield code="9">207175</subfield>
  </datafield>
  <datafield tag="942" ind1=" " ind2=" ">
    <subfield code="2">ddc</subfield>
    <subfield code="c">BK</subfield>
    <subfield code="e">1st</subfield>
    <subfield code="k">006.3 DEVK</subfield>
  </datafield>
  <datafield tag="999" ind1=" " ind2=" ">
    <subfield code="c">234054</subfield>
    <subfield code="d">234054</subfield>
  </datafield>
  <datafield tag="952" ind1=" " ind2=" ">
    <subfield code="0">0</subfield>
    <subfield code="1">0</subfield>
    <subfield code="2">ddc</subfield>
    <subfield code="4">0</subfield>
    <subfield code="7">0</subfield>
    <subfield code="8">MCA</subfield>
    <subfield code="a">AIMIT</subfield>
    <subfield code="b">AIMIT</subfield>
    <subfield code="d">2025-03-11</subfield>
    <subfield code="e">Biblios Book Point</subfield>
    <subfield code="g">1595.00</subfield>
    <subfield code="i">Bill no: 7043; Bill dt:2025-2-27</subfield>
    <subfield code="l">0</subfield>
    <subfield code="o">006.3  DEVK</subfield>
    <subfield code="p">MCA17295</subfield>
    <subfield code="r">2026-05-23 00:00:00</subfield>
    <subfield code="v">1244.10</subfield>
    <subfield code="w">2025-03-28</subfield>
    <subfield code="y">BK</subfield>
  </datafield>
</record>
